[Event "Barcelona Gotico"]
[Site "Barcelona"]
[Date "2019.04.23"]
[Round "6"]
[White "Calle Ordonez, Albert"]
[Black "Gonzalez Saguillo, Oriol"]
[Result "0-1"]
[WhiteElo "2007"]
[BlackElo "2159"]
[PlyCount "82"]
[EventDate "2019.03.12"]
[EventType "tourn"]
[EventRounds "9"]
[EventCountry "ESP"]
[SourceTitle "CBM 190 Extra"]
[Source "ChessBase"]
[SourceDate "2019.07.15"]
[SourceVersion "1"]
[SourceVersionDate "2019.07.15"]
[SourceQuality "1"]

1. e4 c5 2. Nf3 e6 3. b3 Nc6 4. Bb2 d6 5. Bd3 e5 6. h3 Nge7 7. c3 Ng6 8. Na3 Be7 9. 0-0 0-0 10. Re1 Nf4 11. Bf1 f5 12. d3 Qe8 13. Nc2 Qh5 14. Re3 Bd8 15. Nce1 a6 16. d4 fxe4 17. Rxe4 Qg6 18. Rxf4 exf4 19. dxc5 dxc5 20. Qd5+ Be6 21. Qxc5 Bxh3 22. Rd1 Be7 23. Qb6 Rab8 24. c4 Bg4 25. Qc7 Bd8 26. Qd6 Qxd6 27. Rxd6 Bc7 28. Rd5 h6 29. Nd3 Rbd8 30. Nc5 Bc8 31. Ba3 Rfe8 32. Nd2 Be5 33. Nce4 Be6 34. Rxd8 Rxd8 35. Nf3 Rd1 36. Nxe5 Nxe5 37. f3 Bf5 38. Kf2 Bxe4 39. fxe4 Rd2+ 40. Be2 Rxa2 41. Bd6 Nd3+ 0-1

[Event "Catalunya-ch"]
[Site "Vila Seca"]
[Date "2019.04.18"]
[Round "1"]
[White "Munoz Pantoja, Miguel Angel"]
[Black "Calle Ordonez, Albert"]
[Result "1-0"]
[WhiteElo "2509"]
[BlackElo "1998"]
[PlyCount "99"]
[EventDate "2019.04.18"]
[EventType "swiss"]
[EventRounds "8"]
[EventCountry "ESP"]
[SourceTitle "CBM 189 Extra"]
[Source "ChessBase"]
[SourceDate "2019.06.03"]
[SourceVersion "1"]
[SourceVersionDate "2019.06.03"]
[SourceQuality "1"]

1. e4 c5 2. g3 d5 3. exd5 Qxd5 4. Nf3 Bg4 5. Be2 Nc6 6. h3 Bf5 7. Nc3 Qd6 8. d3 e5 9. Be3 b6 10. Nd2 Qd7 11. Bf3 Rc8 12. Nc4 f6 13. a4 Be6 14. Ne4 Nd4 15. Bg2 Nf5 16. Bd2 Nd6 17. Qe2 Nxe4 18. dxe4 Qd4 19. Ne3 c4 20. Bc3 Qd7 21. 0-0 Nh6 22. Rfd1 Qc6 23. f4 Bd6 24. Nf5 Qc5+ 25. Kh2 Bxf5 26. exf5 0-0 27. Rd5 Qc7 28. fxe5 fxe5 29. g4 e4+ 30. Kh1 Nf7 31. Rad1 Rfe8 32. R5d4 Qc6 33. Rxe4 Qxa4 34. Re6 Bf8 35. Bd5 Red8 36. Re5 Qd7 37. Rd2 Kh8 38. Bxc4 Qxd2 39. Bxd2 Nxe5 40. Qxe5 Rxc4 41. Bc3 Rc5 42. Qe6 Rxc3 43. bxc3 h6 44. h4 Bc5 45. f6 Rd1+ 46. Kg2 gxf6 47. Qxf6+ Kh7 48. g5 hxg5 49. Qf7+ Kh8 50. Qh5+ 1-0

[Event "Martorell op 36th"]
[Site "Martorell"]
[Date "2018.09.29"]
[Round "3"]
[White "Calle Ordonez, Albert"]
[Black "Campos Olaya, Israel"]
[Result "0-1"]
[WhiteElo "1978"]
[BlackElo "2218"]
[PlyCount "86"]
[EventDate "2018.09.15"]
[EventType "swiss"]
[EventRounds "9"]
[EventCountry "ESP"]
[SourceTitle "CBM 189 Extra"]
[Source "ChessBase"]
[SourceDate "2019.06.03"]
[SourceVersion "1"]
[SourceVersionDate "2019.06.03"]
[SourceQuality "1"]

1. e4 c6 2. d4 g6 3. Nf3 Bg7 4. Nc3 d5 5. exd5 cxd5 6. h3 Nf6 7. Bd3 0-0 8. 0-0 Nc6 9. a3 b6 10. Re1 Bb7 11. Bg5 Re8 12. Qe2 Rc8 13. Bb5 h6 14. Bf4 e6 15. Rad1 Re7 16. Ne5 Nxe5 17. Bxe5 Nd7 18. Bd6 Re8 19. Bg3 Ra8 20. Bd3 a6 21. h4 Bxd4 22. h5 g5 23. Bh7+ Kxh7 24. Qd3+ Kg8 25. Qxd4 Qf6 26. Re5 Rac8 27. b3 Nxe5 28. Bxe5 Qf5 29. Rd3 f6 30. Bxf6 e5 31. Qxb6 Qd7 32. Bxg5 hxg5 33. Ne4 Qc6 34. Qe3 dxe4 35. Qxg5+ Kh8 36. h6 Rc7 37. Rc3 Qxc3 38. Qf6+ Kh7 39. Qf5+ Kxh6 40. Qf6+ Kh7 41. Qf5+ Kg8 42. Qg6+ Kf8 43. Qf6+ Rf7 0-1

[Event "Barbera del Valles op 41st"]
[Site "Barbera del Valles"]
[Date "2018.07.09"]
[Round "6"]
[White "Calle Ordonez, Albert"]
[Black "Nieto Farreny, Francesc"]
[Result "0-1"]
[WhiteElo "1969"]
[BlackElo "2177"]
[PlyCount "50"]
[EventDate "2018.07.04"]
[EventType "swiss"]
[EventRounds "9"]
[EventCountry "ESP"]
[SourceTitle "CBM 185 Extra"]
[Source "ChessBase"]
[SourceDate "2018.07.29"]
[SourceVersion "1"]
[SourceVersionDate "2018.07.29"]
[SourceQuality "1"]

1. e4 c5 2. Nc3 g6 3. Bc4 Nc6 4. d3 Bg7 5. a3 e6 6. Ba2 Nge7 7. h4 d5 8. h5 b6 9. Bg5 h6 10. Bd2 g5 11. f4 f6 12. fxg5 fxg5 13. Nf3 Qd6 14. 0-0 Nd4 15. e5 Qc7 16. Nxd4 cxd4 17. Nb5 Qxe5 18. Qg4 Nf5 19. Rae1 Ne3 20. Rxe3 dxe3 21. Bc3 e2 22. Re1 Qe3+ 23. Kh1 0-0 24. Rxe2 Qc1+ 25. Kh2 Rf4 0-1

[Event "Barbera del Valles op 41st"]
[Site "Barbera del Valles"]
[Date "2018.07.07"]
[Round "4"]
[White "Calle Ordonez, Albert"]
[Black "Samant, Aditya S"]
[Result "1/2-1/2"]
[WhiteElo "1969"]
[BlackElo "2191"]
[PlyCount "125"]
[EventDate "2018.07.04"]
[EventType "swiss"]
[EventRounds "9"]
[EventCountry "ESP"]
[SourceTitle "CBM 185 Extra"]
[Source "ChessBase"]
[SourceDate "2018.07.29"]
[SourceVersion "1"]
[SourceVersionDate "2018.07.29"]
[SourceQuality "1"]

1. e4 c5 2. Nc3 Nc6 3. Bb5 Nd4 4. Nf3 Nxb5 5. Nxb5 d6 6. d4 cxd4 7. Qxd4 a6 8. Nc3 e6 9. 0-0 Ne7 10. Bg5 Nc6 11. Qd2 f6 12. Be3 Ne5 13. Nxe5 dxe5 14. Qxd8+ Kxd8 15. Bb6+ Ke8 16. Rfd1 Bd7 17. Rd3 Bc6 18. Rad1 Be7 19. f3 Kf7 20. a3 a5 21. a4 Ra6 22. Be3 f5 23. exf5 exf5 24. Nb5 Raa8 25. b3 g5 26. Nd6+ Ke6 27. Bb6 h5 28. Nc4 e4 29. fxe4 fxe4 30. Re3 Ra6 31. Bd4 Rd8 32. c3 Bf6 33. Ree1 Bxd4+ 34. cxd4 Bd5 35. Kf2 Rf8+ 36. Ke3 Rc8 37. Rb1 Rac6 38. Red1 h4 39. Nxa5 Rc2 40. Nc4 Rxg2 41. Rg1 Rxg1 42. Rxg1 Kf6 43. a5 Kg6 44. Rg2 Kh5 45. Re2 g4 46. Rb2 g3 47. hxg3 hxg3 48. Nb6 Rc3+ 49. Kf4 Rf3+ 50. Ke5 Rf2 51. Rb1 g2 52. Rg1 Bc6 53. d5 Bb5 54. Kxe4 Kg4 55. Nc4 Bxc4 56. bxc4 Kg3 57. c5 Re2+ 58. Kd4 Kf2 59. Rxg2+ Kxg2 60. c6 bxc6 61. d6 Ra2 62. Kc5 Rxa5+ 63. Kb6 1/2-1/2

[Event "Barcelona Sant Marti op 7th"]
[Site "Barcelona"]
[Date "2018.02.15"]
[Round "6"]
[White "Calle Ordonez, Albert"]
[Black "Gonzalez Canovas, Sebastian"]
[Result "1-0"]
[WhiteElo "1968"]
[BlackElo "1638"]
[PlyCount "43"]
[EventDate "2018.01.11"]
[EventType "swiss"]
[EventRounds "9"]
[EventCountry "ESP"]
[SourceTitle "EXT 2019"]
[Source "ChessBase"]
[SourceDate "2018.10.10"]
[SourceVersion "1"]
[SourceVersionDate "2018.10.10"]
[SourceQuality "1"]

1. e4 c6 2. d4 d5 3. e5 Bf5 4. Ne2 e6 5. Ng3 Bg6 6. h4 h6 7. h5 Bh7 8. Bd3 Bxd3 9. cxd3 Bb4+ 10. Nd2 Nd7 11. 0-0 Ba5 12. Nb3 Bc7 13. Qg4 Kf8 14. Bd2 a5 15. Rae1 a4 16. Nc1 Ba5 17. Bxa5 Rxa5 18. f4 Ne7 19. f5 exf5 20. Nxf5 Rg8 21. Nd6 f6 22. Qe6 1-0

[Event "London Classic rapid op"]
[Site "London"]
[Date "2017.12.09"]
[Round "4.22"]
[White "Calle Ordonez, Albert"]
[Black "Howell, Oliver W"]
[Result "1-0"]
[WhiteElo "1968"]
[BlackElo "1765"]
[PlyCount "49"]
[EventDate "2017.12.09"]
[EventType "swiss (rapid)"]
[EventRounds "6"]
[EventCountry "ENG"]
[SourceTitle "CBM 182 Extra"]
[Source "ChessBase"]
[SourceDate "2018.02.23"]
[SourceVersion "1"]
[SourceVersionDate "2018.02.23"]
[SourceQuality "1"]

1. e4 e6 2. d4 d5 3. Nd2 Nf6 4. e5 Nfd7 5. f4 c5 6. c3 Nc6 7. Ndf3 cxd4 8. cxd4 a5 9. Bd3 a4 10. Ne2 Nb6 11. 0-0 Nc4 12. f5 Qb6 13. Kh1 Nxb2 14. Bxb2 Qxb2 15. Rb1 Qxa2 16. Ng5 Qa3 17. fxe6 Bxe6 18. Nxe6 fxe6 19. Rxb7 Be7 20. Bb5 Rc8 21. Qc2 Rf8 22. Bxc6+ Kd8 23. Rd7+ Ke8 24. Rd6+ Rxc6 25. Qxc6# 1-0

[Event "London Classic rapid op"]
[Site "London"]
[Date "2017.12.09"]
[Round "3.10"]
[White "Willmoth, Robert"]
[Black "Calle Ordonez, Albert"]
[Result "1-0"]
[WhiteElo "2202"]
[BlackElo "1968"]
[PlyCount "55"]
[EventDate "2017.12.09"]
[EventType "swiss (rapid)"]
[EventRounds "6"]
[EventCountry "ENG"]
[SourceTitle "CBM 182 Extra"]
[Source "ChessBase"]
[SourceDate "2018.02.23"]
[SourceVersion "1"]
[SourceVersionDate "2018.02.23"]
[SourceQuality "1"]

1. Nf3 d5 2. b3 Bg4 3. Bb2 Nf6 4. e3 Nbd7 5. h3 Bh5 6. g4 Bg6 7. Nh4 e5 8. Nxg6 hxg6 9. Bg2 c6 10. d3 Be7 11. Nd2 Qc7 12. Qe2 a5 13. a3 Rb8 14. 0-0 Qb6 15. Rab1 0-0 16. f4 Bc5 17. fxe5 Bxe3+ 18. Kh1 Nh7 19. Nf3 d4 20. c3 c5 21. b4 axb4 22. axb4 dxc3 23. Bxc3 Bd4 24. bxc5 Qxb1 25. Rxb1 Bxc3 26. d4 Rfe8 27. Qc4 Ba5 28. Qb5 1-0

[Event "Fincas Mediterranea 2nd"]
[Site "Castelldefels"]
[Date "2005.08.20"]
[Round "4"]
[White "Sanchez, Jose Edgar"]
[Black "Calle Ordonez, Albert"]
[Result "1-0"]
[WhiteElo "1968"]
[BlackElo "1991"]
[PlyCount "39"]
[EventDate "2005.08.17"]
[EventType "swiss"]
[EventRounds "9"]
[EventCountry "ESP"]
[SourceTitle "CBM 107 Extra"]
[Source "ChessBase"]
[SourceDate "2005.09.01"]
[SourceVersion "1"]
[SourceVersionDate "2005.09.01"]
[SourceQuality "1"]

1. d4 Nf6 2. Bg5 e6 3. e4 h6 4. Bxf6 Qxf6 5. Nf3 c5 6. e5 Qd8 7. d5 d6 8. Bc4 dxe5 9. Nxe5 Bd6 10. Bb5+ Kf8 11. dxe6 Qa5+ 12. c3 Bxe5 13. Qd5 Qc7 14. exf7 Bd7 15. Bc4 b6 16. Nd2 Bc6 17. Qe6 h5 18. Nf3 Bf4 19. Nh4 Qe5+ 20. Qxe5 1-0

[Event "Catalunya-ch U20"]
[Site "Salou"]
[Date "2005.03.22"]
[Round "1"]
[White "Calle Ordonez, Albert"]
[Black "Asis Gargatagli, Hipolito"]
[Result "0-1"]
[WhiteElo "2006"]
[BlackElo "2386"]
[PlyCount "106"]
[EventDate "2005.03.22"]
[EventType "swiss"]
[EventRounds "8"]
[EventCountry "ESP"]
[SourceTitle "EXT 2019"]
[Source "ChessBase"]
[SourceDate "2018.10.10"]
[SourceVersion "1"]
[SourceVersionDate "2018.10.10"]
[SourceQuality "1"]

1. e4 d6 2. d4 Nf6 3. Nc3 g6 4. Be3 c6 5. f3 Qb6 6. Qd2 Qxb2 7. Rb1 Qa3 8. Bd3 Qa5 9. Nge2 Bg7 10. 0-0 Qc7 11. Kh1 0-0 12. f4 c5 13. Nb5 Qd8 14. c4 a6 15. Nbc3 Nbd7 16. d5 Rb8 17. h3 Qc7 18. Rf2 e6 19. dxe6 fxe6 20. a4 b5 21. axb5 Bb7 22. f5 Ne5 23. Nf4 Nxd3 24. Qxd3 exf5 25. Ne6 Qe7 26. Nxf8 Nxe4 27. Nxg6 hxg6 28. bxa6 Nxc3 29. Rxb7 Rxb7 30. axb7 Qxb7 31. Bf4 Ne4 32. Rf1 Bd4 33. Kh2 g5 34. Be3 Be5+ 35. Kg1 f4 36. Rb1 Qa8 37. Bf2 Kg7 38. Qb3 Nd2 39. Qb7+ Qxb7 40. Rxb7+ Kg6 41. Rd7 Nxc4 42. Kf1 Nd2+ 43. Ke2 Ne4 44. Be1 Kf5 45. Kd3 Ke6 46. Rh7 d5 47. Rh6+ Kf5 48. Rc6 c4+ 49. Kc2 Nd6 50. Bc3 Bxc3 51. Kxc3 Ke5 52. Ra6 d4+ 53. Kc2 d3+ 0-1